Normal view
MARC view
Entry Personal Name
001 - CONTROL NUMBER
- control field: 20622
003 - CONTROL NUMBER IDENTIFIER
- control field: OSt
005 - DATE AND TIME OF LATEST TRANSACTION
- control field: 20220217152436.0
008 - FIXED-LENGTH DATA ELEMENTS
- fixed length control field: 220217|| aca||aabn | a|a d
040 ## - CATALOGING SOURCE
- Original cataloging agency: OSt
- Transcribing agency: OSt
100 ## - HEADING--PERSONAL NAME
- Personal name: MATTU (Dinesh Amin): ಮಟ್ಟು (ದಿನೇಶ್ ಅಮಿನ್) ed
670 ## - SOURCE DATA FOUND
- Source citation: Work cat.: (OSt): Dinesh Amin Mattu: ದಿನೇಶ್ ಅಮಿನ್ ಮಟ್ಟು Ed. 20619, Bereye Matu: Vaddarse Raghurama Shettara Barahagalu: ಬೇರೆಯೇ ಮಾತು: ವಡ್ಡರ್ಸೆ ರಘುರಾಮ ಶೆಟ್ಟರ ಬರಹಗಳು , 2021